| 000 | 01090nac a22002651u 4500 | ||
|---|---|---|---|
| 010 | _a 2001044154 | ||
| 020 | _a0262041987 (alk. paper) | ||
| 082 | 0 | 0 |
_a332.1 _bFIN |
| 090 |
_c9018 _d9018 |
||
| 100 | _a20080729 | ||
| 245 | 0 | 0 |
_aFinancial structure and economic growth : _ba cross-country comparison of banks, markets, and development / _cedited by Asli DemirgucKunt and Ross Levine. |
| 260 |
_aCambridge, Mass. : _bMIT Press,c2001. _cc2001. |
||
| 300 |
_avi, 436 p. : _bill. ; _c24 cm. + _e1 CD-ROM (4 3/4 in.) |
||
| 500 | _aDistributer: Baccah. | ||
| 504 | _aIncludes bibliographical references and index. | ||
| 511 | _aCatalogued By: Mahitab. | ||
| 650 | 0 |
_aBanks and banking _vCase studies. |
|
| 650 | 0 |
_aFinancial institutions _vCase studies. |
|
| 650 | 0 |
_aStock exchanges _vCase studies. |
|
| 650 | 0 |
_aEconomic development _vCase studies. |
|
| 700 | 1 |
_aDemirguc-Kunt _d1961- |
|
| 700 | 1 | _aLevine, Ross. | |
| 942 |
_cBB _k332.1FIN |
||
| 999 |
_c9018 _d9018 |
||